000 00714nam a2200229Ia 4500
003 OSt
005 20220606124536.0
008 210716s2006 xx 000 0 und d
020 _a8178296349
040 _cAIMIT LIBRARY
041 _aeng
082 _a658.312
_21
_bHEER
100 _aHeeks, Richard.
_940589
245 _aImplementing and managing egovernment :
_binternational text /
_cBy Richard Heeks.
250 _a1st ed.
260 _aNew Delhi :
_bVistaar publications,
_c2006.
300 _aix, 293p. ;
_c24 cm.
650 _aManaging egovernment
_940590
650 _aManaging public data
_940591
650 _aCore management issues for egovernment
_940592
942 _2ddc
_cBK
_e1st
_k658.312 HEER
999 _c200409
_d200409